Collins pocket plus : (Record no. 190909)

MARC details
000 -LEADER
campo de control de longitud fija 00746cam a2200241 i 4500
001 - NÚMERO DE CONTROL
campo de control 190909
003 - IDENTIFICADOR DE NÚMERO DE CONTROL
campo de control ES-MaACL
005 - FECHA Y HORA DE LA ÚLTIMA TRANSACCIÓN
campo de control 20240227123611.0
007 - CAMPO FIJO DE DESCRIPCIÓN FÍSICA--INFORMACIÓN GENERAL
campo de control de longitud fija ta
008 - DATOS DE LONGITUD FIJA--INFORMACIÓN GENERAL
campo de control de longitud fija 220825s19930000xxk d 0000| unddd
020 ## - NÚMERO INTERNACIONAL ESTÁNDAR DEL LIBRO
Número Internacional Estándar del Libro 8425324866
080 ## - NÚMERO DE LA CLASIFICACIÓN DECIMAL UNIVERSAL
Número de la Clasificación Decimal Universal 134.2=111
245 00 - MENCIÓN DEL TÍTULO
Título Collins pocket plus :
Resto del título diccionario español-inglés, english-spanish.
250 ## - MENCION DE EDICION
Mención de edición [1st repr.].
260 ## - PUBLICACIÓN, DISTRIBUCIÓN, ETC.
Lugar de publicación, distribución, etc. Glasgow :
Nombre del editor, distribuidor, etc. HarperCollins,
Fecha de publicación, distribución, etc. 1992.
300 ## - DESCRIPCIÓN FÍSICA
Extensión 295 p. ;
Dimensiones 16 cm.
650 00 - PUNTO DE ACCESO ADICIONAL DE MATERIA--TÉRMINO DE MATERIA
Término de materia o nombre geográfico como elemento de entrada Lengua española-
Subdivisión de forma Diccionarios-
Subdivisión general Inglés.
9 (RLIN) 14142
650 00 - PUNTO DE ACCESO ADICIONAL DE MATERIA--TÉRMINO DE MATERIA
Término de materia o nombre geográfico como elemento de entrada Lengua inglesa-
Subdivisión de forma Diccionarios-
Subdivisión general Español.
9 (RLIN) 14270
700 1# - ENTRADA AGREGADA--NOMBRE PERSONAL
Nombre de persona González, Mike.
9 (RLIN) 58368
852 ## - LOCALIZACIÓN
Ubicación ES-MaACL
Número de control de estantería A-15272
itemnumber 198098
Ubicación en estantería Depósito 1
Signatura antigua Olim: DIC-L 134.2=111 col
942 ## - ELEMENTOS DE ENTRADA SECUNDARIOS (KOHA)
Fuente del sistema de clasificación o colocación Clasificación decimal universal
Holdings
Estatus retirado Estado de pérdida Fuente del sistema de clasificación o colocación Estado de daño No para préstamo Colección Biblioteca de origen Biblioteca actual Ubicación en estantería Fecha de adquisición Total de préstamos Signatura topográfica completa Código de barras Visto por última vez Precio de reemplazo Tipo de ítem Koha
    Clasificación decimal universal     Colección de referencia Biblioteca del Ateneo de Madrid Biblioteca del Ateneo de Madrid Depósito 1 25/08/2022   A-15272 1203198 23/02/2023 23/02/2023 Libro impreso